| Tag |
First Indicator |
Second Indicator |
Subfields |
| LEADER |
00000cam a2200000 a 4500 |
| 001 |
in00001808511 |
| 005 |
20211202201055.0 |
| 008 |
040122s2003 dcua f000 0 eng c |
| 035 |
|
|
|a (OCoLC)ocm54090037
|
| 040 |
|
|
|a GPO
|c GPO
|d DLC
|d MvI
|d UtOrBLW
|
| 042 |
|
|
|a pcc
|
| 043 |
|
|
|a n-us---
|
| 049 |
|
|
|a UDOC
|
| 049 |
|
|
|a WWW
|
| 074 |
|
|
|a 0982-K-02
|
| 074 |
|
|
|a 0982-K-02 (online)
|
| 086 |
0 |
|
|a TD 10.2:SE 3
|
| 088 |
|
|
|a DHM50-0030-0903
|
| 245 |
0 |
0 |
|a Hazardous materials transportation :
|b enhanced security requirements.
|
| 246 |
3 |
0 |
|a Enhanced security requirements
|
| 264 |
|
1 |
|a Washington, DC :
|b U.S. Dept. of Transportation, Research and Special Programs Administration,
|c [2003?]
|
| 300 |
|
|
|a 13 pages :
|b color illustrations ;
|c 23 x 10 cm.
|
| 336 |
|
|
|a text
|b txt
|2 rdacontent
|
| 337 |
|
|
|a unmediated
|b n
|2 rdamedia
|
| 338 |
|
|
|a volume
|b nc
|2 rdacarrier
|
| 500 |
|
|
|a Shipping list number: 2004-0061-P.
|
| 500 |
|
|
|a "DHM50-0030-0903."
|
| 500 |
|
|
|a Shipping List Date: 01/12/2004
|
| 530 |
|
|
|a Also available via Internet from the DOT Web site. Address as of 01/26/04: http://hazmat.dot.gov/pubtrain/Enhanced%20Security%20Requirements%20(General).pdf; current access is available via PURL.
|
| 650 |
|
0 |
|a Hazardous substances
|x Transportation
|z United States.
|
| 650 |
|
0 |
|a Transportation
|x Safety measures.
|
| 710 |
1 |
|
|a United States.
|b Department of Transportation.
|b Research and Special Programs Administration.
|
| 856 |
4 |
1 |
|u https://purl.fdlp.gov/GPO/LPS42917
|t 0
|
| 999 |
|
|
|a MARS
|
| 999 |
f |
f |
|s e8121984-ed87-3ca7-88ea-f150664df654
|i 5374e5be-39cb-337a-bc37-95976fe05057
|t 0
|
| 952 |
f |
f |
|a Texas A&M University
|b College Station
|c Electronic Resources
|d Available Online
|t 0
|e TD 10.2:SE 3
|h Superintendent of Documents classification
|
| 998 |
f |
f |
|a TD 10.2:SE 3
|t 0
|l Available Online
|